Statistics for States of the US

Click here to take the quiz!

General Stats

  • This quiz has been taken 14 times
  • The average score is 41 of 50

Answer Stats

Abbreviation:State:% Correct
ALAlabama
100%
AKAlaska
93%
ARArkansas
93%
CACalifornia
93%
FLFlorida
93%
ILIllinois
93%
KSKansas
93%
OHOhio
93%
TXTexas
93%
AZArizona
86%
GAGeorgia
86%
IDIdaho
86%
INIndiana
86%
MNMinnesota
86%
NVNevada
86%
NJNew Jersey
86%
NYNew York
86%
NCNorth Carolina
86%
SCSouth Carolina
86%
UTUtah
86%
WAWashington
86%
WYWyoming
86%
DEDelaware
79%
HIHawaii
79%
IAIowa
79%
KYKentucky
79%
LALouisiana
79%
MEMaine
79%
MDMaryland
79%
MIMichigan
79%
MSMississippi
79%
MTMontana
79%
NENebraska
79%
NHNew Hampshire
79%
NMNew Mexico
79%
NDNorth Dakota
79%
OKOklahoma
79%
SDSouth Dakota
79%
VAVirginia
79%
WVWest Virginia
79%
WIWisconsin
79%
COColorado
71%
CTConnecticut
71%
MAMassachusetts
71%
OROregon
71%
RIRhode Island
71%
TNTennessee
71%
VTVermont
71%
MOMissouri
64%
PAPennsylvania
64%

Score Distribution

Percentile by Number Answered

Percent of People with Each Score

Your Score History

You have not taken this quiz